Score 0/10 Timer 05:00
0 Plays Today
Place Country % Correct
1stCanada
100%
2ndUnited States
100%
4thArgentina
100%
3rdBrazil
100%
5thMexico
100%
8thBolivia
100%
10thChile
100%
6thPeru
97.2%
9thVenezuela
97.2%
7thColombia
91.7%

You're not logged in!

Compare scores with friends on all Sporcle quizzes.
OR
Log In

Sporcle TV

Today on Sporcle TV


Watch our educational content, quiz creation guides, and fun videos on Sporcle TV.

Show Comments

Extras

Top Quizzes Today


Score Distribution

Paid Content

Your Account Isn't Verified!

In order to create a playlist on Sporcle, you need to verify the email address you used during registration. Go to your Sporcle Settings to finish the process.

Report this User

Report this user for behavior that violates our Community Guidelines.

Details: